México más allá de México (Record no. 2092)
[ view plain ]
| 000 -CABECERA | |
|---|---|
| campo de control de longitud fija | 00646nam a2200157 a 4500 |
| 001 - NÚMERO DE CONTROL | |
| campo de control | BRCA_2351 |
| 005 - FECHA Y HORA DE LA ÚLTIMA TRANSACCIÓN | |
| campo de control | 20190320203753.0 |
| 008 - DATOS DE LONGITUD FIJA--INFORMACIÓN GENERAL | |
| campo de control de longitud fija | 151008s2000----mx-a---###---#000-0#spa-# |
| 050 #4 - SIGNATURA TOPOGRÁFICA DE LA BIBLIOTECA DEL CONGRESO | |
| Número de clasificación | AM2 |
| Número de documento/Ítem | .M49 2000 |
| 245 10 - MENCIÓN DE TÍTULO | |
| Título | México más allá de México |
| Resto del título | memorias del 1er. Congreso Nacional de la Federación Mexicana de Asociaciones de Amigos de los Museos. |
| 260 ## - PUBLICACIÓN, DISTRIBUCIÓN, ETC. | |
| Lugar de publicación, distribución, etc. | Veracruz, México |
| Nombre del editor, distribuidor, etc. | FEMAM |
| Fecha de publicación, distribución, etc. | [2000] |
| 300 ## - DESCRIPCIÓN FÍSICA | |
| Extensión | 257 p. |
| Otras características físicas | il. |
| Dimensiones | 22 cm. |
| 611 24 - PUNTO DE ACCESO ADICIONAL DE MATERIA--NOMBRE DE REUNIÓN/CONGRESO | |
| Nombre de congreso/reunión o jurisdicción como elemento de entrada | Congreso Nacional de la Federación Mexicana de Asociaciones de Amigos de los Museos |
| Número del congreso/reunión o número de parte o sección | 1ra. |
| Fecha del congreso/reunión | [2000] |
| Sede del congreso/Lugar de la reunión | Veracruz (México) |
| Subdivisión geográfica | México |
| 9 (RLIN) | 7049 |
| 650 14 - PUNTO DE ACCESO ADICIONAL DE MATERIA--TÉRMINO DE MATERIA | |
| Término de materia o nombre geográfico como elemento de entrada | Museos |
| Subdivisión de forma | Congresos |
| Subdivisión geográfica | México |
| 9 (RLIN) | 7050 |
| 942 ## - ELEMENTOS DE PUNTO DE ACCESO ADICIONAL (KOHA) | |
| Fuente del sistema de clasificación o colocación | Library of Congress Classification |
| Tipo de ítem Koha | Libros |
| Estado de retiro | Estado de pérdida | Estado dañado | No para préstamo | Localización permanente | Ubicación/localización actual | Fecha de adquisición | Total de préstamos | Signatura topográfica completa | Código de barras | Fecha visto por última vez | Precio válido a partir de | Tipo de ítem Koha |
|---|---|---|---|---|---|---|---|---|---|---|---|---|
| El ejemplar forma parte de la colección y puede ser consultado según las políticas vigentes. | Biblioteca del Museo Franz Mayer (Rogerio Casas-Alatriste) | Biblioteca del Museo Franz Mayer (Rogerio Casas-Alatriste) | 14/10/2008 | AM2 .M49 2000 | 00198 | 22/03/2019 | 22/03/2019 | Libros |